Loreto College Library, Kolkata
WEBOPAC (ONLINE PUBLIC ACCESS CATALOGUE)

Essentials of educational measurement (Record no. 10979)

MARC details
000 -LEADER
fixed length control field 00650nam a2200217Ia 4500
008 - FIXED-LENGTH DATA ELEMENTS--GENERAL INFORMATION
fixed length control field 131103s9999 xx 000 0 und d
020 ## - ISBN | অাই এস বি এন
ISBN | অাই এস বি এন 876927002
PRICE Rs.79
040 ## - CATALOGING SOURCE
Original cataloging agency Loreto College
041 ## - LANGUAGE CODE
Language code English
082 ## - DDC | ডিউই
Classification number | বর্গসংখ্যা 371.26/EBE
Book Number | গ্রন্থাঙ্ক LCLIB/38588
100 ## - MAIN ENTRY--PERSONAL NAME | মুখ্য সংলেখ - ব্যাক্তিনাম
Personal name | ব্যাক্তিনাম Ebel,Robert L.
245 ## - TITLE STATEMENT | অাখ্যা বিবরণী
Title | অাখ্যা Essentials of educational measurement
Statement of responsibility | লেখকের দায়িত্বের বিবরণ Robert L.Ebel and David A.Frisbie
250 ## - EDITION STATEMENT | সংস্করণ ক্ষেত্র
Edition statement | সংস্করণ 5th ed.
260 ## - IMPRINT | প্রকাশনা ক্ষেত্র
Place of publication | প্রকাশ স্থান Prentice - Hall of India
Name of publisher | প্রকাশকের নাম 1991
Date of publication | প্রকাশ কাল xii,370 p.
300 ## - PHYSICAL DESCRIPTION |
Page / Vol. No | পৃষ্ঠা / খন্ড সংখ্যা 23 cm.
504 ## - BIBLIOGRAPHY, ETC. NOTE
Bibliography, etc Includes bibliographical references and index
650 ## - SUBJECT ADDED ENTRY--TOPICAL TERM | বিষয় শিরোনাম - মূল বিষয়
Topical term | মূল বিষয় Educational Tests and Measurements
700 ## - ADDED ENTRY--PERSONAL NAME | অতিরিক্ত সংলেখ - ব্
Personal name | ব্যাক্তিনাম Frisbie,David A.
850 ## - HOLDING INSTITUTION
Holding institution LCLIB
942 ## - ADDED ENTRY ELEMENTS (KOHA)
Koha item type Books
Holdings
Withdrawn status Lost status Damaged status Not for loan Home library Current library Date acquired Total Checkouts Full call number Accession No. Date last seen Price effective from Koha item type
        Loreto College Loreto College 04/11/2013   371.26/EBE LCLIB/38588 B10870 04/11/2013 04/11/2013 Books